000 00351nam a2200145Ia 4500
008 230711s9999||||xx |||||||||||||| ||und||
041 _aENG
082 _a4
_bKI-I
100 _aKing,Richard Allen
245 0 _aIBM/PC/DOS handbook
250 _a2nd Ed.
260 _c1987
_aNew Delhi
_bBPB Publications
650 _aComputer Engineering
942 _cBK
999 _c1369
_d1369